| 000 | 00642nam a2200205Ii 4500 | ||
|---|---|---|---|
| 003 | JO-AjNU | ||
| 008 | 230605s9999||||xx |||||||||||||| ||und|| | ||
| 017 | _a19991/9/517 | ||
| 040 |
_aJO-AjNU _bara _erda _cJO-AjNU |
||
| 041 | _aara | ||
| 050 | 1 | 4 | _aPJ7828 1991 |
| 100 | 3 |
_aمحمود، فايز, _eauthor _957055 |
|
| 245 | 0 | 0 | _aقابيل: قصص قصيرة |
| 264 | 3 | 1 | _aعمان: وزارة الثقافة ، 1991 |
| 300 | _a147ص | ||
| 336 |
_atext _btxt _2rdacontent |
||
| 337 |
_aunmediated _bn _2rdamedia |
||
| 338 |
_avolume _bnc _2rdacarrier |
||
| 650 | 4 |
_aالقصص العربية-الاردن-العصر الحديث _957056 |
|
| 999 |
_aA25545 _c29113 _d29113 |
||